000 02483na a2200421 4500
001 22874
003 MIRAKIL
005 20181213155254.0
008 170301b tu 000 0
040 _aMilas
_btur
_cTR-AnCHP
041 _atur
082 _aCHP 330.956671
_bK776 [2006]
090 _aCHP 330.956671 K776 [2006]
091 _aEKONOMİ 5 - Kahramanmaraş
110 _aKahramanmaraş Ticaret ve Sanayi Odası (KTSO)
222 _aEkonomi raporları
245 _a[Kahramanmaraş'ın sosyo ekonomik durum ve faaliyetleri ile ilgili çeşitli yazı ve raporlar]
_b[2006]
_cKahramanmaraş Ticaret ve Sanayi Odası (KTSO)
246 _aKahramanmaraş'ın sosyo ekonomik durumu
246 _aEkonomi raporu
260 _a[Kahramanmaraş]
_bKahramanmaraş Ticaret ve Sanayi Odası (KTSO)
_c[2006]
300 _ac.
_c30 sm.
500 _a[Kahramanmaraş'ın sosyo ekonomik durum ve faaliyetleri ile ilgili CHP Genel Başkanı Deniz Baykal için hazırlanmış çeşitli yazı ve raporlar]
505 _a1)Pazarcık ilçesi sosyo-ekonomik durumu - 2)Kahramanmaraş Havaalanı'nın eksiklikleri hakkında bilgi notu - 3) Kahramanmaraş'ın sosyo-ekonomik göstergeleri - 4) Kahramanmaraş Ticaret ve Sanayi Odası'nın proje faaliyetleri - 5) Kahramanmaraş'ta teşvik yasasının sonuçları - 6) Kahramanmaraş'ın çözüm bekleyen sorunları - 7) Kahramanmaraş'ın dış ticareti - 8) Elbistan ekonomisi ve bölgenin sorunları - 9) Elbistan Ziraat odasının sayın CHP genel Başkanı Deniz Baykal'a brifing dosyası
610 _aKahramanmaraş Ticaret ve Sanayi Odası (KTSO)
_xEkonomik durum, 2006
_yRaporlar
_zKahramanmaraş
610 _aCHP
_xEkonomi
_yRaporlar
_zKahramanmaraş
651 _aKahramanmaraş
_xSosyo ekonomik durum
_yRaporlar
740 _aElbistan Ziraat odasının sayın CHP genel Başkanı Deniz Baykal'a brifing dosyası
740 _aEkonomi raporları
740 _aPazarcık ilçesi sosyo-ekonomik durumu
740 _aKahramanmaraş Havaalanı'nın eksiklikleri hakkında bilgi notu
740 _aKahramanmaraş'ın sosyo-ekonomik göstergeleri
740 _aKahramanmaraş Ticaret ve Sanayi Odası'nın proje faaliyetleri
740 _aKahramanmaraş'ta teşvik yasasının sonuçları - 6) Kahramanmaraş'ın çözüm bekleyen sorunları
740 _aKahramanmaraş'ın dış ticareti
740 _aElbistan ekonomisi ve bölgenin sorunları
942 _2dcc
_cBKS
999 _c9701
_d9701